000 00310nam a22001337a 4500
008 170508b xxu||||| |||| 00| 0 eng d
020 _a9781928916154
041 _aeng
080 _23RD
_a343.9
100 _a15
101 _aSHJ
245 _aINTRODUCTION TO CRIMINAL JUSTICE
_cROBERSON, C
942 _2udc
_cBK
999 _c12967
_d12967